A case of Bible marriages: (Record no. 3369)
[ view plain ]
| 000 -LEADER | |
|---|---|
| fixed length control field | 00565nam a2200181Ia 4500 |
| 003 - CONTROL NUMBER IDENTIFIER | |
| control field | GBCCL |
| 005 - DATE AND TIME OF LATEST TRANSACTION | |
| control field | 20241126110453.0 |
| 008 - FIXED-LENGTH DATA ELEMENTS--GENERAL INFORMATION | |
| fixed length control field | 171127b xxu||||| |||| 00| 0 eng d |
| 020 ## - INTERNATIONAL STANDARD BOOK NUMBER | |
| International Standard Book Number | 81-900849-2-5 |
| 040 ## - CATALOGING SOURCE | |
| Transcribing agency | GBC |
| 082 ## - DEWEY DECIMAL CLASSIFICATION NUMBER | |
| Classification number | 248.844 |
| Item number | WOO |
| 100 ## - MAIN ENTRY--PERSONAL NAME | |
| Personal name | Wood, Beulah |
| 9 (RLIN) | 1994 |
| 245 #2 - TITLE STATEMENT | |
| Title | A case of Bible marriages: |
| Remainder of title | Ten studies for groups or couples on the decision-making of Bible husbands and wives / |
| Statement of responsibility, etc. | Beulah Wood |
| 260 ## - PUBLICATION, DISTRIBUTION, ETC. | |
| Name of publisher, distributor, etc. | SAIACS Publications, |
| Place of publication, distribution, etc. | Bangalore: |
| Date of publication, distribution, etc. | 2002 |
| 300 ## - PHYSICAL DESCRIPTION | |
| Extent | 39p.; |
| Dimensions | 20 cm. |
| 650 ## - SUBJECT ADDED ENTRY--TOPICAL TERM | |
| Topical term or geographic name entry element | Christian Marriage |
| 9 (RLIN) | 6881 |
| 942 ## - ADDED ENTRY ELEMENTS (KOHA) | |
| Source of classification or shelving scheme | Dewey Decimal Classification |
| Koha item type | Books |
| Koha issues (borrowed), all copies | 13 |
| Withdrawn status | Lost status | Source of classification or shelving scheme | Damaged status | Not for loan | Home library | Current Library | Shelving location | Date acquired | Total checkouts | Total renewals | Full call number | Barcode | Date last seen | Date last checked out | Copy number | Price effective from | Koha item type |
|---|---|---|---|---|---|---|---|---|---|---|---|---|---|---|---|---|---|
| Dewey Decimal Classification | GRACE BIBLE COLLEGE | GRACE BIBLE COLLEGE | Ministry & Mission | 2017-11-27 | 2 | 2 | 248.844 WOO | 013115 | 2025-05-01 | 2023-09-19 | c.1 | 2017-11-27 | Books | ||||
| Dewey Decimal Classification | GRACE BIBLE COLLEGE | GRACE BIBLE COLLEGE | Ministry & Mission | 2017-11-27 | 3 | 1 | 248.844 WOO | 013116 | 2025-05-01 | 2019-10-08 | c.2 | 2017-11-27 | Books | ||||
| Dewey Decimal Classification | GRACE BIBLE COLLEGE | GRACE BIBLE COLLEGE | Ministry & Mission | 2017-11-27 | 2 | 248.844 WOO | 013117 | 2025-05-01 | 2023-02-15 | c.3 | 2017-11-27 | Books | |||||
| Dewey Decimal Classification | GRACE BIBLE COLLEGE | GRACE BIBLE COLLEGE | Ministry & Mission | 2017-11-27 | 6 | 248.844 WOO | 013118 | 2025-05-01 | 2023-09-29 | c.4 | 2017-11-27 | Books |